-
POLDEN, MARGARET AND MANTLE, JILL
Entry Personal Name
Number of records used in: 1
001 - CONTROL NUMBER
003 - CONTROL NUMBER IDENTIFIER
005 - DATE AND TIME OF LATEST TRANSACTION
- control field:
20230816103536.0
008 - FIXED-LENGTH DATA ELEMENTS
- fixed length control field:
230816|| aca||aabn | a|a d
040 ## - CATALOGING SOURCE
- Original cataloging agency:
JRU
- Transcribing agency:
JRU
100 ## - HEADING--PERSONAL NAME
- Personal name:
POLDEN, MARGARET AND MANTLE, JILL
670 ## - SOURCE DATA FOUND
- Source citation:
Work cat.: (JRU)8353: POLDEN, MARGARET AND MANTLE, JILL, PHYSIOTHERAPY IN OBSTETRICS AND GYNAECOLOGY, 1990